'D' Cartoon Characters by Picture Quiz Stats

 Plays Quiz Updated Apr 4, 2016

Challenge
Share
Tweet
Score 0/20 Timer 06:00
2 Plays Today
% Correct
Donald Duck
98.3%
Dora the Explorer
97.4%
Donkey
96.5%
Dumbo
95.4%
Daffy Duck
93.9%
Dory
91.6%
Donatello
87.2%
Daphne Blake
86.8%
Doc
81.2%
Dexter
80.7%
% Correct
Dino
79.2%
Dash Parr
67.1%
Dennis the Menace
57.4%
Dilbert
56.1%
Danny Phantom
49%
Diego
47.7%
Dot
40.2%
Danger Mouse
37.7%
Didi Pickles
35.1%
Dudley Do-Right
31%

You're not logged in!

Compare scores with friends on all Sporcle quizzes.
Join for Free
OR
Log In

You Might Also Like...

Show Comments

Extras

Top Quizzes Today


Score Distribution

Your Account Isn't Verified!

In order to create a playlist on Sporcle, you need to verify the email address you used during registration. Go to your Sporcle Settings to finish the process.

Report this User

Report this user for behavior that violates our Community Guidelines.

Details: